000 01065nam a2200229 a 4500
001 000046140
005 20250129073605.0
008 150626s2011 dr abce 000 0 spa d
020 _a9789945879902
040 _aDO-SdBNP
_bspa
_cBNPHU
082 _axxxx
_bxxxx
100 1 _aReyes Sánchez, Miguel
_d1966-
_92285
245 1 0 _aOcéanos de tinta y papel :
_bhistoria de la navegación y del desarrollo marítimo dominicano /
_cMiguel Reyes Sánchez ; prólogo de Juan Daniel Balcácer; colaboración documental y fotografica de Pedro Atiles, editado por Lourdes periche; fotografias de Francisco Manosalvas...[et al].
260 _aSanto Domingo :
_bAgencias Navieras B&R,
_c2011.
300 _a367 p. :
_bil., maps, planos, retrs. ;
_c29 cm.
500 _aIncluye referencias bibliográficas y notas al pie de las páginas.
504 _aBibliografía : p. 356-362
700 1 2 _aBalcácer, Juan Daniel,
_d1949-
_epról.
_96566
700 1 2 _aAtiles,Pedro,
_ecolab.
_974192
700 1 2 _aPeriche, Lourdes,
_eed.
_974193
700 1 2 _aManosalvas, Francisco,
_efot.
_969596
999 _c45629
_d45629